| 000 | 00937nam a2200157Ia 4500 | ||
|---|---|---|---|
| 008 | 100122s9999 xx 000 0 und d | ||
| 082 |
_b60295 _a823.08 |
||
| 100 | _aराजे प्रभा | ||
| 245 | _aवॉल्ट डिस्ने चार पुस्तकांचा संच (द लिटील मर्मेड / सिंडे्रला / जंगलबुक / पीटर | ||
| 250 | _a1 | ||
| 260 |
_bशेठ पब्लिशिंग _c2000 |
||
| 300 | _a100 | ||
| 630 | _aवॉल्ट डिस्ने चार पुस्तकांचा संच (द लिटील मर्मेड / सिंडे्रला / जंगलबुक / पीटर | ||
| 730 | _aवॉल्ट डिस्ने चार पुस्तकांचा संच (द लिटील मर्मेड / सिंडे्रला / जंगलबुक / पीटर | ||
| 942 | _cBOOK | ||
| 999 |
_c435469 _d435466 |
||